000 00695nam a2200265 4500
003 OSt
005 20260601193527.0
008 260507b2008 |||a|||| |||| 00| 0 spa d
020 _a8496449378
040 _aICI
_bspa
_cICI
041 _aspa
050 _aNC1002.P33
_bA846
100 1 _aAsensio, Oscar
_935996
245 1 _aDrinkDesign
_cÓscar Asensio
260 _bReditar,,
_c2008
_aEspaña
264 _bReditar,
_c2008
_aBarcelona, España :
300 _a111 páginas
336 _atexto
_2rdacontent
337 _asin medio
_2rdamedia
338 _avolumen
_2rdacarrier
650 _2Botellas
650 _2Vasos para beber
650 _2Diseño de productos
942 _2lcc
_cB
_n1
999 _c21239
_d21239